[Event "Moscow op-E"]
[Site "Moscow"]
[Date "2011.02.06"]
[Round "9.253"]
[White "Tarasenko, Vitalij"]
[Black "Nikulin, Vladimir"]
[Result "1/2-1/2"]
[WhiteElo "1488"]
[BlackElo "1879"]
[PlyCount "43"]
[EventDate "2011.01.29"]
[EventType "swiss"]
[EventRounds "9"]
[EventCountry "RUS"]
[SourceTitle "EXT 2022"]
[Source "ChessBase"]
[SourceDate "2021.10.06"]
[SourceVersion "1"]
[SourceVersionDate "2021.10.06"]
[SourceQuality "1"]

1. c4 Nf6 2. Nc3 e6 3. g3 c6 4. Bg2 d5 5. cxd5 exd5 6. d4 Bb4 7. a3 Bd6 8. Nf3 Bg4 9. 0-0 Nbd7 10. b4 a6 11. Bb2 h5 12. h3 Bxf3 13. Bxf3 h4 14. g4 Nh7 15. e4 dxe4 16. Nxe4 Bc7 17. Nc5 0-0 18. Bg2 Rb8 19. d5 Nxc5 20. bxc5 cxd5 21. Qxd5 Qxd5 22. Bxd5 1/2-1/2

[Event "Moscow op-B 04th"]
[Site "Moscow"]
[Date "2008.02.08"]
[Round "7"]
[White "Trofimovsky, Alexander"]
[Black "Nikulin, Vladimir"]
[Result "1-0"]
[WhiteElo "2234"]
[BlackElo "1936"]
[PlyCount "35"]
[EventDate "2008.02.02"]
[EventType "swiss"]
[EventRounds "9"]
[EventCountry "RUS"]
[SourceTitle "CBM 122 Extra"]
[Source "ChessBase"]
[SourceDate "2008.03.04"]
[SourceVersion "1"]
[SourceVersionDate "2008.03.04"]
[SourceQuality "1"]

1. c4 c5 2. Nf3 Nf6 3. Nc3 Nc6 4. d4 cxd4 5. Nxd4 e6 6. g3 Bb4 7. Bg2 0-0 8. 0-0 Bxc3 9. bxc3 Qc7 10. Nb5 Qa5 11. Ba3 Rd8 12. Qd6 a6 13. Nc7 Rb8 14. Rab1 Qe5 15. Qxe5 Nxe5 16. Be7 Re8 17. Bd6 Nxc4 18. Nxe8 1-0

[Event "Geller Memorial op"]
[Site "Moscow"]
[Date "2001.??.??"]
[Round "1"]
[White "Gutov, Andrey"]
[Black "Nikulin, Vladimir"]
[Result "1-0"]
[WhiteElo "2423"]
[BlackElo "2165"]
[PlyCount "128"]
[EventDate "2001.10.26"]
[EventType "swiss"]
[EventRounds "9"]
[EventCountry "RUS"]
[SourceTitle "EXT 2002"]
[Source "ChessBase"]
[SourceDate "2001.11.25"]
[SourceVersion "1"]
[SourceVersionDate "2001.11.25"]
[SourceQuality "1"]

1. d4 Nf6 2. c4 d6 3. Nc3 g6 4. e4 Bg7 5. f3 0-0 6. Be3 Na6 7. Qd2 c5 8. d5 Re8 9. Bd3 Nb4 10. Bb1 a5 11. Nge2 e6 12. a3 Na6 13. 0-0 exd5 14. exd5 Nc7 15. a4 Nd7 16. Bg5 f6 17. Bh6 Qe7 18. Bxg7 Kxg7 19. Ng3 Qe3+ 20. Qxe3 Rxe3 21. Nge4 Ne8 22. Kf2 Rxc3 23. Nxc3 Ne5 24. b3 Bd7 25. Re1 f5 26. f4 Ng4+ 27. Kf3 Kf7 28. h3 Ngf6 29. Ra2 Nc7 30. Rae2 Re8 31. Rxe8 Ncxe8 32. Nd1 Ng7 33. Rg1 h5 34. Kg3 Ng8 35. Kh4 Kf6 36. Ne3 Nh6 37. Bc2 Bc8 38. Bd1 Bd7 39. g4 fxg4 40. hxg4 hxg4 41. Nxg4+ Nxg4 42. Bxg4 Nf5+ 43. Kh3 Kf7 44. Kg2 Bc8 45. Rb1 Kg7 46. Kh3 Bd7 47. Re1 Kf7 48. Bxf5 Bxf5+ 49. Kh4 Kf6 50. Re8 Bc2 51. Rf8+ Ke7 52. Rb8 Kf6 53. Rxb7 Kf5 54. Kg3 Ke4 55. Rb6 Kd4 56. Rxd6 Bxb3 57. Rxg6 Bxa4 58. d6 Kxc4 59. Rg7 Bb5 60. d7 Bxd7 61. Rxd7 a4 62. f5 a3 63. f6 a2 64. Ra7 Kb3 1-0